MARC

LEADER 00000cam a2200000 7i4500
001 0000002852
005 20040126.0
090 0 0 |a FAO338.1749   |b INT 1997 
110 1 0 |a INTERNATIONAL Tropical Timber Organization 
245 1 0 |a Forest industry structure and the evolution of trade flows in the Asia-Pacific region :   |b scenarios to 2010   |c International Tropical Timber Organization 
260 0 0 |a Rome :   |b Food and Agriculture Organization of the United Nations ,   |c 1997 
300 |a 56 p. ;   |c 30 cm. 
440 0 0 |a Asia--Pacific forestry sector outlook study working paper series ; no. APFSOS/WP/20 
500 0 0 |a Bibliography : p. 55 
650 0 0 |a Forests and forestry   |x Economic aspects   |z Asia 
650 0 0 |a Forests and forestry   |x Economic aspects   |z Pacific area 
710 1 1 |a Food and Agriculture Organization of the United Nations (FAO) 
998 |a JPSM 
999 |a 0000004756   |b Monograph   |c Food and Agriculture Organization   |e Default branch 
999 |a 0000004757   |b Monograph   |c Food and Agriculture Organization   |e Default branch